Biggest city on Funen - Statistics

General Stats
  • This quiz has been taken 7 times
  • The average score is 8 of 15
Answer Stats
Hint Answer % Correct
1 Odense
100%
6 Assens
83%
3 Nyborg
83%
14 Bogense
67%
5 Faaborg
67%
7 Kerteminde
67%
4 Middelfart
67%
2 Svendborg
67%
8 Ringe
50%
13 Langeskov
33%
9 Munkebo
33%
10 Otterup
33%
15 Årslev
17%
11 Bellinge
17%
12 Strib
17%
No matching quizzes found
Score Distribution
Percent of People with Each Score
Percentile by Number Answered
Your Score History
You have not taken this quiz